书目信息 |
| 题名: |
工业变频器原理及应用
|
|
| 作者: | 魏召刚 主编 | |
| 分册: | ||
| 出版信息: | 北京 电子工业出版社 2006 |
|
| 页数: | 195页 | |
| 开本: | 26cm | |
| 丛书名: | ||
| 单 册: | ||
| 中图分类: | TN773 | |
| 科图分类: | ||
| 主题词: | 变频器--高等教育--教材 , 变频器 | |
| 电子资源: | ||
| ISBN: | 7-121-02949-9 | |
| 000 | 00900nam0 2200265 450 | |
| 001 | 003237243 | |
| 005 | 20070807162828.56 | |
| 010 | @a7-121-02949-9@dCNY18.00 | |
| 035 | @a003237243 | |
| 100 | @a20060426d2006 em y0chiy0110 ea | |
| 101 | 0 | @achi |
| 102 | @aCN@b110000 | |
| 105 | @ay z 000yy | |
| 106 | @ar | |
| 200 | 1 | @a工业变频器原理及应用@Agong ye bian pin qi yuan li ji ying yong@f魏召刚主编@Fwei zhao gang zhu bian |
| 210 | @a北京@c电子工业出版社@d2006 | |
| 215 | @a195页@d26cm | |
| 300 | @a全国高等职业教育工业生产自动化技术系列规划教材 | |
| 330 | @a本书内容主要包括:工业变频器基本知识、工业变频器结构、工业变频器控制方式,富士变频器介绍、变频控制系统设计、变频器运行与维护、变频控制系统应用实例。 | |
| 606 | 0 | @a变频器@x高等教育@j教材 |
| 606 | 0 | @a变频器 |
| 690 | @aTN773@v4 | |
| 701 | 0 | @a魏召刚@Awei zhao gang@4主编 |
| 801 | 0 | @aCN@bNLC@c20070807 |
| 905 | @dTN773@e62@f1 | |
| 工业变频器原理及应用/魏召刚主编.-北京:电子工业出版社,2006 |
| 195页;26cm |
| 全国高等职业教育工业生产自动化技术系列规划教材 |
| ISBN 7-121-02949-9:CNY18.00 |
| 本书内容主要包括:工业变频器基本知识、工业变频器结构、工业变频器控制方式,富士变频器介绍、变频控制系统设计、变频器运行与维护、变频控制系统应用实例。 |
| ● |
| 相关链接 |
|
|
|
|
正题名:工业变频器原理及应用
索取号:TN773/62
 
预约/预借
| 序号 | 登录号 | 条形码 | 馆藏地/架位号 | 状态 | 备注 |
| 1 | 0853483 | 208534834 | 第二样本阅览室/ [索取号:TN773/62] | 在馆 |